| 000 -LEADER |
| fixed length control field |
00469nam a2200181Ia 4500 |
| 008 - FIXED-LENGTH DATA ELEMENTS--GENERAL INFORMATION |
| fixed length control field |
200103s 2012 ||||xx |||||||||||||| ||und|| |
| 020 ## - INTERNATIONAL STANDARD BOOK NUMBER |
| International Standard Book Number |
9788120343146, |
| 082 00 - DEWEY DECIMAL CLASSIFICATION NUMBER |
| Classification number |
658.4 |
| Item number |
MCG |
| 100 ## - MAIN ENTRY--PERSONAL NAME |
| Personal name |
McGrath, E. H. |
| 245 #0 - TITLE STATEMENT |
| Title |
Basic managerial skills for all |
| 250 ## - EDITION STATEMENT |
| Edition statement |
9th Ed. |
| 260 ## - PUBLICATION, DISTRIBUTION, ETC. (IMPRINT) |
| Name of publisher, distributor, etc |
PHI Learning Pvt. Ltd. |
| Date of publication, distribution, etc |
2012 |
| Place of publication, distribution, etc |
New Delhi |
| 300 ## - PHYSICAL DESCRIPTION |
| Extent |
xxiii, 812p. |
| 650 ## - SUBJECT ADDED ENTRY--TOPICAL TERM |
| Topical term or geographic name as entry element |
How to Read |
| 650 ## - SUBJECT ADDED ENTRY--TOPICAL TERM |
| Topical term or geographic name as entry element |
How to Write |
| 650 ## - SUBJECT ADDED ENTRY--TOPICAL TERM |
| Topical term or geographic name as entry element |
How to Learn |
| 942 ## - ADDED ENTRY ELEMENTS (KOHA) |
| Item type |
Books |